| 000 | 00000nas 2200000za 4500 |
| 001 | 9.860684 |
| 003 | CaOODSP |
| 005 | 20250107113237 |
| 007 | cr ||||||||||| |
| 008 | 180816c20189999qucar pso f0 b0fre|d |
| 022 | |a2561-9691|l2561-9675 |
| 040 | |aCaOODSP|bfre |
| 043 | |an-cn--- |
| 086 | 1 |aR75-6F-PDF |
| 222 | 0|aProgramme sur le changement climatique et l’adaptation du secteur de la santé pour les Première Nations vivant au Sud du 60°N |
| 245 | 00|aProgramme sur le changement climatique et l’adaptation du secteur de la santé pour les Première Nations vivant au Sud du 60°N |h[ressource électronique] : |bguide de présentation des demandes de financement. |
| 260 | |a[Ottawa] : |bServices aux Autochtones Canada, |c[2018]- |
| 310 | |aAnnuel |
| 362 | 1 |aParaît depuis : 2018/2019. |
| 500 | |aPubli. aussi en anglais sous le titre : Climate Change and Health Adaptation Program for First Nations South of 60°N: funding application guide. |
| 530 | |aÉgalement publ. en version imprimée. |
| 692 | 07|2gccst|aAutochtones |
| 692 | 07|2gccst|aFinancement |
| 692 | 07|2gccst|aAdaptation |
| 692 | 07|2gccst|aChangement climatique |
| 710 | 1 |aCanada. |bServices aux Autochtones Canada. |
| 775 | 08|tClimate Change and Health Adaptation Program for First Nations South of 60°N |w(CaOODSP)9.860681 |
| 776 | 0#|tClimate Change and Health Adaptation Program for First Nations south of 60°N : |w(CaOODSP)9.860701 |